Welcome to CU Library Online Public Access Catalogue (OPAC)

Born to win : (Record no. 7263)

MARC details
000 -LEADER
fixed length control field 00610cam a2200181 i 4500
001 - CONTROL NUMBER
control field 23500278
005 - DATE AND TIME OF LATEST TRANSACTION
control field 20250812155146.0
008 - FIXED-LENGTH DATA ELEMENTS--GENERAL INFORMATION
fixed length control field 240111s2023 gh a 000 0aeng
020 ## - INTERNATIONAL STANDARD BOOK NUMBER
International Standard Book Number 9789988362171
050 00 - LIBRARY OF CONGRESS CALL NUMBER
Classification number LA2388.G472
Item number L37 2023
100 1# - MAIN ENTRY--PERSONAL NAME
Personal name Larbi, Emmanuel Kingsley,
Relator term author.
245 10 - TITLE STATEMENT
Title Born to win :
Remainder of title the memoirs and reflections of a trailblazer /
Statement of responsibility, etc. Rev. Prof. E. Kingsley Larbi, Ph.D.
300 ## - PHYSICAL DESCRIPTION
Extent 723 pages :
Other physical details illustrations ;
Dimensions 24 cm
650 #0 - SUBJECT ADDED ENTRY--TOPICAL TERM
Topical term or geographic name entry element Educators
Geographic subdivision Ghana
Form subdivision Biography.
650 #0 - SUBJECT ADDED ENTRY--TOPICAL TERM
Topical term or geographic name entry element Pentecostal churches
General subdivision Clergy
Form subdivision Biography.
650 #0 - SUBJECT ADDED ENTRY--TOPICAL TERM
Topical term or geographic name entry element Pentecostalism
Geographic subdivision Ghana.
942 ## - ADDED ENTRY ELEMENTS (KOHA)
Source of classification or shelving scheme Library of Congress Classification
Koha item type Books
Suppress in OPAC No
999 ## -
-- 7263
-- 7263
Holdings
Withdrawn status Lost status Source of classification or shelving scheme Damaged status Not for loan Collection Home library Current library Shelving location Date acquired Total checkouts Full call number Barcode Date last seen Copy number Price effective from Koha item type
    Library of Congress Classification     Non-fiction Undergraduate Library (Christ Temple) Undergraduate Library (Christ Temple) General stacks 08/12/2025   LA 2388.L37 LAR ulct00004317 08/12/2025 1 08/12/2025 Books
© 2023-2024 Copyright: Central University Libraries. All Rights Reserved | Created by: Mahone Tech Office